GOOD ENGLISH HOW TO SPEAK AND WRITE IT (Record no. 367498)

MARC details
000 -LEADER
fixed length control field 00409nam a2200145Ia 4500
008 - FIXED-LENGTH DATA ELEMENTS--GENERAL INFORMATION
fixed length control field 100122s9999 xx 000 0 und d
082 ## - DEWEY DECIMAL CLASSIFICATION NUMBER
Item number 24485
Classification number 824
100 ## - MAIN ENTRY--PERSONAL NAME
Personal name PUBLISHER HOME
245 ## - TITLE STATEMENT
Title GOOD ENGLISH HOW TO SPEAK AND WRITE IT
260 ## - PUBLICATION, DISTRIBUTION, ETC. (IMPRINT)
Name of publisher, distributor, etc LIBRARY CLUB
Date of publication, distribution, etc 1932
300 ## - PHYSICAL DESCRIPTION
Extent 632
630 ## - SUBJECT ADDED ENTRY--UNIFORM TITLE
Uniform title GOOD ENGLISH HOW TO SPEAK AND WRITE IT
730 ## - ADDED ENTRY--UNIFORM TITLE
Uniform title GOOD ENGLISH HOW TO SPEAK AND WRITE IT
942 ## - ADDED ENTRY ELEMENTS (KOHA)
Koha item type Book
Holdings
Withdrawn status Lost status Damaged status Not for loan Home library Current library Date acquired Cost, normal purchase price Total Checkouts Full call number Barcode Date last seen Cost, replacement price Price effective from Koha item type Public note
        S.V. Pathak Library, Vile Parle S.V. Pathak Library, Vile Parle 01/28/1977 5.00   24485 SVPPARLE-24485 01/25/2010 5.00 01/25/2010 Book ", , General, NA"